00760nam a2200181Ia 4500003000200000005001700002008004100019050002800060100001700088245013100105260009000236300003900326504004100365650004800406650004200454650003500496650004700531020250131111342.0150126s9999 xx 000 0 und d aPHS LB 1065b.L477 2014 aLee, Ji Won. aAcademic performance of grade 11 Southville students in discussion strategy and experiential learning /cJi Won Lee (Jessica). aLas Piñas City, Philippines :bSouthville International School and Colleges,c2014. a33 pages :billustration ;c28 cm. aIncludes bibliographical references. aAcademic achievementvHigh school students. aExperiential learningvEffectiveness. aDiscussion method in teaching. aLearning strategiesvHigh school students.